MARC details
| 000 -LEADER |
| fixed length control field |
03397cgm a2200661Ka 4500 |
| 001 - CONTROL NUMBER |
| control field |
ocn708359614 |
| 003 - CONTROL NUMBER IDENTIFIER |
| control field |
OCoLC |
| 005 - DATE AND TIME OF LATEST TRANSACTION |
| control field |
20200320181454.0 |
| 007 - PHYSICAL DESCRIPTION FIXED FIELD--GENERAL INFORMATION |
| fixed length control field |
vd bgaizm |
| 007 - PHYSICAL DESCRIPTION FIXED FIELD--GENERAL INFORMATION |
| fixed length control field |
sd fsngnnmmued |
| 008 - FIXED-LENGTH DATA ELEMENTS--GENERAL INFORMATION |
| fixed length control field |
110324m20102006cau101 g vleng d |
| 020 ## - INTERNATIONAL STANDARD BOOK NUMBER |
| International Standard Book Number |
0783263090 |
| 020 ## - INTERNATIONAL STANDARD BOOK NUMBER |
| International Standard Book Number |
9780783263090 |
| 020 ## - INTERNATIONAL STANDARD BOOK NUMBER |
| Terms of availability |
15.95 |
| 024 1# - OTHER STANDARD IDENTIFIER |
| Standard number or code |
025192148422 |
| 028 42 - PUBLISHER NUMBER |
| Publisher number |
21484 |
| Source |
Universal Pictures |
| 028 02 - PUBLISHER NUMBER |
| Publisher number |
2014729 b Universal (CD) |
| 035 ## - SYSTEM CONTROL NUMBER |
| System control number |
(OCoLC)708359614 |
| 040 ## - CATALOGING SOURCE |
| Original cataloging agency |
WIVLS |
| Transcribing agency |
WIVLS |
| Modifying agency |
HVC |
| -- |
OCLCO |
| -- |
OCLCA |
| -- |
WACOL |
| 049 ## - LOCAL HOLDINGS (OCLC) |
| Holding library |
WACL |
| 050 14 - LIBRARY OF CONGRESS CALL NUMBER |
| Classification number |
PN1995.9.M86 |
| Item number |
I78564 2006 |
| 082 04 - DEWEY DECIMAL CLASSIFICATION NUMBER |
| Classification number |
791.43/72 |
| Edition number |
22 |
| 092 ## - LOCALLY ASSIGNED DEWEY CALL NUMBER (OCLC) |
| Classification number |
DVD |
| Item number |
Hol |
| 245 00 - TITLE STATEMENT |
| Title |
Holiday Inn |
| Medium |
[videorecording] / |
| Statement of responsibility, etc |
Paramount Pictures ; screenplay by Claude Binyon ; adaptation by Elmer Rice ; produced and directed by Mark Sandrich. |
| 246 30 - VARYING FORM OF TITLE |
| Title proper/short title |
Holdiay Inn. |
| 250 ## - EDITION STATEMENT |
| Edition statement |
Special ed. |
| 260 ## - PUBLICATION, DISTRIBUTION, ETC. (IMPRINT) |
| Place of publication, distribution, etc |
Universal City, CA : |
| Name of publisher, distributor, etc |
Universal Pictures : |
| -- |
Universal Studios Home Entertainment, |
| Date of publication, distribution, etc |
c2010, 2006. |
| 300 ## - PHYSICAL DESCRIPTION |
| Extent |
1 videodisc (ca. 101 min.) : |
| Other physical details |
sd., b&w ; |
| Dimensions |
4 3/4 in. + 1 sound disc (4 3/4 in.) |
| 500 ## - GENERAL NOTE |
| General note |
Title from container. |
| 500 ## - GENERAL NOTE |
| General note |
Originally released as a motion picture in 1942. |
| 500 ## - GENERAL NOTE |
| General note |
Special features: "A couple of song and dance men": an intimate retrospective of Bing Crosby and Fred Astaire; "All singing - all dancing": the making-of 'Holiday Inn'; Audio commentary by film historian Ken Barnes; Original theatrical trailer. |
| 508 ## - CREATION/PRODUCTION CREDITS NOTE |
| Creation/production credits note |
Words and music, Irving Berlin. |
| 511 1# - PARTICIPANT OR PERFORMER NOTE |
| Participant or performer note |
Bing Crosby, Fred Astaire, Marjorie Reynolds, Virginia Dale, Walter Abel. |
| 520 ## - SUMMARY, ETC. |
| Summary, etc |
A song and dance man leaves showbiz to run an inn that is open only on holidays. A former partner joins him and the two find themselves competing for the affections of the same lovely lady. |
| 505 0# - FORMATTED CONTENTS NOTE |
| Formatted contents note |
CD. Happy holidays!: The twelve days of Christmas -- We wish you a merry Christmas -- Deck the halls -- Hark! the herald angels sing -- Joy to the world -- Jingle bells -- Silent night -- Here we come a-wassailing -- O come, all ye faithful. |
| 538 ## - SYSTEM DETAILS NOTE |
| System details note |
DVD, region 1, full screen (1.33:1) presentation; Dolby Digital 2.0 mono., dual-layer, digitally remastered, NTSC ; and compact disc. |
| 546 ## - LANGUAGE NOTE |
| Language note |
English dialogue, French or Spanish subtitles; English subtitles for the deaf and hard of hearing. |
| 650 #0 - SUBJECT ADDED ENTRY--TOPICAL TERM |
| Topical term or geographic name as entry element |
Spanish language materials. |
| 9 (RLIN) |
5835509 |
| 650 #0 - SUBJECT ADDED ENTRY--TOPICAL TERM |
| Topical term or geographic name as entry element |
French language materials. |
| 9 (RLIN) |
102557 |
| 650 #0 - SUBJECT ADDED ENTRY--TOPICAL TERM |
| Topical term or geographic name as entry element |
Christmas plays. |
| 9 (RLIN) |
81399 |
| 650 #0 - SUBJECT ADDED ENTRY--TOPICAL TERM |
| Topical term or geographic name as entry element |
Holidays |
| Form subdivision |
Drama. |
| 9 (RLIN) |
5738230 |
| 650 #0 - SUBJECT ADDED ENTRY--TOPICAL TERM |
| Topical term or geographic name as entry element |
Triangles (Interpersonal relations) |
| Form subdivision |
Drama. |
| 9 (RLIN) |
5697172 |
| 650 #0 - SUBJECT ADDED ENTRY--TOPICAL TERM |
| Topical term or geographic name as entry element |
Taverns (Inns) |
| Form subdivision |
Drama. |
| 9 (RLIN) |
5835510 |
| 650 #0 - SUBJECT ADDED ENTRY--TOPICAL TERM |
| Topical term or geographic name as entry element |
Video recordings for the hearing impaired. |
| 9 (RLIN) |
100348 |
| 650 #0 - SUBJECT ADDED ENTRY--TOPICAL TERM |
| Topical term or geographic name as entry element |
Romantic comedy films. |
| 9 (RLIN) |
99879 |
| 650 #0 - SUBJECT ADDED ENTRY--TOPICAL TERM |
| Topical term or geographic name as entry element |
Musical films. |
| 9 (RLIN) |
5835511 |
| 650 #0 - SUBJECT ADDED ENTRY--TOPICAL TERM |
| Topical term or geographic name as entry element |
Feature films. |
| 9 (RLIN) |
5835512 |
| 700 1# - ADDED ENTRY--PERSONAL NAME |
| Personal name |
Sandrich, Mark, |
| Dates associated with a name |
1900-1945. |
| 9 (RLIN) |
27599 |
| 700 1# - ADDED ENTRY--PERSONAL NAME |
| Personal name |
Crosby, Bing, |
| Dates associated with a name |
1903-1977. |
| 9 (RLIN) |
2299 |
| 700 1# - ADDED ENTRY--PERSONAL NAME |
| Personal name |
Astaire, Fred. |
| 9 (RLIN) |
2937 |
| 700 1# - ADDED ENTRY--PERSONAL NAME |
| Personal name |
Reynolds, Marjorie, |
| Dates associated with a name |
1917-1997. |
| 9 (RLIN) |
5835513 |
| 700 1# - ADDED ENTRY--PERSONAL NAME |
| Personal name |
Berlin, Irving, |
| Dates associated with a name |
1888-1989. |
| Title of a work |
Holiday Inn. |
| Form subheading |
Selections. |
| 9 (RLIN) |
5835514 |
| 942 ## - ADDED ENTRY ELEMENTS (KOHA) |
| Koha item type |
DVD |
| 948 ## - LOCAL PROCESSING INFORMATION (OCLC); SERIES PART DESIGNATOR (RLIN) |
| Series part designator, SPT (RLIN) |
12/08/2006 |
| b (OCLC) |
11/24/2014 |
| z (OCLC) |
Sirsi |
| 994 ## - |
| -- |
02 |
| -- |
WACOL |
| 996 ## - |
| -- |
53055 |
| -- |
34301001396524 |
| -- |
HOLDVD |
| -- |
DVD |
| -- |
wcl |
| -- |
i |
| -- |
13 |
| -- |
15.95 |
| -- |
amazon |
| -- |
Hol |
| -- |
11/24/2014 |
| -- |
12/02/2019 |
| -- |
11/26/2019 |
| 996 ## - |
| -- |
53055 |
| -- |
34301000783870 |
| -- |
HOLDVD |
| -- |
DVD |
| -- |
wcl |
| -- |
i |
| -- |
50 |
| -- |
12.95 |
| -- |
Amazon.com |
| -- |
Hol |
| -- |
10/25/2008 |
| -- |
12/21/2019 |
| -- |
12/13/2019 |